Learning science in the schools: research reforming practice

Salvato in:
Dettagli Bibliografici
Autori principali: Glynn, Shawn M (Autore), Duit, Reinders (Autore)
Natura: Libro
Lingua:inglese
Pubblicazione: Mahwah Lawrence Erlbaum Associates 1995
Soggetti:
Tags: Aggiungi Tag
Nessun Tag, puoi essere il primo ad aggiungerne!!

MARC

LEADER 00000nam a2200000 a 4500
001 UCM7424
003 CL-VaPUC
008 021220e19950000us |||||||||||||||||eng|d
082 0 4 |a 372.3  |b GLY  |2 21 
100 |a Glynn, Shawn M  |e author  |9 472980 
700 0 |a Duit, Reinders  |e author  |9 472981 
245 1 0 |a Learning science in the schools: research reforming practice 
300 |a 379 p 
942 |c BK 
945 |d 20021220 00:00:00  |a cmena 
260 |a Mahwah  |b Lawrence Erlbaum Associates  |c 1995 
650 0 |a Educación científica   |9 307484 
650 0 |a Enseñanza de las ciencias  |9 331919 
650 0 |a Aprendizaje   |9 254827 
650 0 |a Métodos de aprendizaje  |9 334464 
650 0 |a Métodos de enseñanza  |9 270413 
583 |a last modification  |c 20171120 04:55:11  |k Rodrigo Vera 
999 |c 302217  |d 302215 
952 |0 0  |1 0  |4 0  |6 372_300000000000000_GLY_1995  |7 0  |8 A  |9 362333  |a FDOPOS  |b FDOPOS  |d 2019-11-21  |i 3870332  |o 372.3 GLY 1995  |p 3870332  |r 2025-01-22  |w 2019-11-21  |y BK  |k MLA